Closest World Capitals Going Around the Tropic of Cancer - Statistics

General Stats
  • This quiz has been taken 135 times
  • The average score is 14 of 29
Answer Stats
Capital % Correct
New Delhi
84%
Mexico City
83%
Cairo
79%
Havana
73%
Riyadh
67%
Hanoi
65%
Tripoli
62%
Rabat
58%
Dhaka
57%
Muscat
56%
Doha
55%
Abu Dhabi
54%
Nassau
53%
Taipei
53%
Santo Domingo
52%
Port-au-Prince
51%
Naypyidaw
46%
Kathmandu
45%
Nouakchott
44%
Niamey
38%
Belmopan
37%
Saint John's
35%
Tokyo
35%
Praia
34%
Asmara
31%
Basseterre
30%
Bridgetown
26%
Majuro
22%
Palikir
21%
No matching quizzes found
Score Distribution
Percent of People with Each Score
Percentile by Number Answered
Your Score History
You have not taken this quiz